000 01105nam a2200217 i 4500
001 151349
003 ES-MaACL
005 20230906203956.0
008 990721s1733 fr a |||| | fre d
040 _aLR
_bspa
_cLR
110 2 _aAcadémie des inscriptions et belles-lettres (Francia)
_91230
245 1 0 _aMemoires de Litterature, tirez des registres de l'Academie Royale des Inscriptions et Belles Lettres, depuis l'année MDCCXXVI jusques & compris l'année MDCCXXX
_b: tome huitiéme.
260 _aA Paris :
_bde l'Imprimerie Royale,
_c1733.
300 _a[6], 640 [i.e. 740] p., [6] h. de grab. pleg. ;
_c25 cm.
597 _aSign. : []3, A-Z4, 2A-2Z4, 3A-3Z4, 4A-4Z4, 5A2.
597 _aError de pag., de p. 739 pasa a 640.
597 _aPort. con viñeta xil.
599 _aLas h. de grab. son calc., en alguna de ellas "Simonneau Sculp."
700 1 _aSimonneau, Ph.
_9132760
852 _aES-MaACL
_jR-1298-1343
_z-- Enc. piel con super-libris dorado con león rampante
_x-- Edic.: En este ejemplar no hay error de paginación en la última pag.
_x Olim: G-13300-45
999 _c151349
_d151349